[Event "Hastings Weekend Open"]
[Site "Hastings"]
[Date "2024.01.06"]
[Round "2.5"]
[White "Steiners, Emils"]
[Black "Walker, Martin Graham"]
[Result "1/2-1/2"]
[WhiteElo "2021"]
[BlackElo "2090"]
[PlyCount "66"]
[EventDate "2024.01.06"]
[EventType "swiss"]
[EventRounds "5"]
[EventCountry "ENG"]
[SourceTitle "The Week in Chess 1522"]
[Source "Mark Crowther"]
[SourceDate "2024.01.08"]
[SourceVersion "1"]
[SourceVersionDate "2024.02.04"]
[SourceQuality "2"]

1. d4 Nf6 2. c4 g6 3. Nc3 d5 4. cxd5 Nxd5 5. e4 Nxc3 6. bxc3 Bg7 7. Bc4 c5 8.
Ne2 O-O 9. O-O Nc6 10. Be3 cxd4 11. cxd4 Bg4 12. f3 Bd7 13. Rc1 Na5 14. Bd3 b6
15. Qd2 Rc8 16. Bf4 f5 17. Ba6 Rxc1 18. Rxc1 fxe4 19. fxe4 Bg4 20. Be3 Qd7 21.
h3 Bxe2 22. Bxe2 Qe6 23. Qxa5 bxa5 24. Bc4 Qxc4 25. Rxc4 Rb8 26. Rc7 Rb1+ 27.
Kf2 Rb2+ 28. Kf1 Rxa2 29. Rxe7 Ra1+ 30. Ke2 Ra2+ 31. Kf1 Ra1+ 32. Ke2 Ra2+ 33.
Kf1 Ra1+ 1/2-1/2

[Event "Hastings Weekend Open"]
[Site "Hastings"]
[Date "2024.01.06"]
[Round "2.6"]
[White "Boucquet, Emile"]
[Black "Unwana, Eugene Ekpoikong"]
[Result "0-1"]
[WhiteElo "2199"]
[BlackElo "2027"]
[PlyCount "139"]
[EventDate "2024.01.06"]
[EventType "swiss"]
[EventRounds "5"]
[EventCountry "ENG"]
[SourceTitle "The Week in Chess 1522"]
[Source "Mark Crowther"]
[SourceDate "2024.01.08"]
[SourceVersion "1"]
[SourceVersionDate "2024.02.04"]
[SourceQuality "2"]

1. e4 d5 2. exd5 Nf6 3. Nc3 Nxd5 4. Bc4 e6 5. d4 Bb4 6. Nge2 O-O 7. O-O Nxc3 8.
bxc3 Bd6 9. Ng3 Qh4 10. Re1 Nd7 11. Re4 Qd8 12. Qf3 Qf6 13. Qe2 Nb6 14. Bd3 Qd8
15. Qh5 g6 16. Qh6 f5 17. Bg5 Be7 18. Bxe7 Qxe7 19. Re2 Bd7 20. Qd2 Qh4 21. f4
Nd5 22. Rf1 Nf6 23. Rfe1 Nd5 24. Rf2 Nf6 25. Nf1 Rae8 26. Rfe2 Rf7 27. c4 c6
28. g3 Qh6 29. Ne3 Qf8 30. Qa5 a6 31. c5 Bc8 32. Nc4 Rd7 33. Nd6 Rxd6 34. cxd6
Qxd6 35. Qe5 Qd8 36. c3 b6 37. Rd2 Ng4 38. Qe2 b5 39. Bc2 Qa5 40. Qf3 Qc7 41.
Rde2 Qd6 42. h3 Nf6 43. Qf2 Nd5 44. Re5 Nxc3 45. g4 Rf8 46. gxf5 exf5 47. Bb3+
Kh8 48. Re7 Ne4 49. Qh4 Qxd4+ 50. Kh1 h5 51. R1xe4 fxe4 52. Qg5 Qa1+ 53. Kh2
Qb2+ 54. Kg3 Qc3+ 55. Kh2 Qd2+ 56. Kh1 Qe1+ 57. Kh2 Qf2+ 58. Kh1 Qf1+ 59. Kh2
Qxh3+ 60. Kg1 Qg4+ 61. Qxg4 Bxg4 62. Kh2 Rxf4 63. Kg3 g5 64. Re5 h4+ 65. Kh2
Bf5 66. a4 g4 67. axb5 axb5 68. Bd1 g3+ 69. Kh1 h3 70. Ba4 0-1

[Event "Hastings Weekend Open"]
[Site "Hastings"]
[Date "2024.01.06"]
[Round "2.7"]
[White "Liu, Tianyi (Jack)"]
[Black "Smyth, Kevin"]
[Result "0-1"]
[WhiteElo "2030"]
[BlackElo "1822"]
[PlyCount "66"]
[EventDate "2024.01.06"]
[EventType "swiss"]
[EventRounds "5"]
[EventCountry "ENG"]
[SourceTitle "The Week in Chess 1522"]
[Source "Mark Crowther"]
[SourceDate "2024.01.08"]
[SourceVersion "1"]
[SourceVersionDate "2024.02.04"]
[SourceQuality "2"]

1. e4 c5 2. Nf3 Nc6 3. d4 cxd4 4. Nxd4 e5 5. Nb5 a6 6. Nd6+ Bxd6 7. Qxd6 Qe7 8.
Qd1 Nf6 9. Nc3 d6 10. Bg5 Be6 11. g3 h6 12. Be3 b5 13. Bg2 b4 14. Na4 O-O 15.
O-O Rab8 16. a3 b3 17. Nc3 Na5 18. Re1 Rfc8 19. h3 Rxc3 20. bxc3 b2 21. Rb1 Ba2
22. Qd3 Nc4 23. Kh2 Bxb1 24. Rxb1 Nxa3 25. Rxb2 Rxb2 26. Bc1 Ra2 27. Qxa6 Qc7
28. Bxa3 Qxc3 29. Bb4 Qxc2 30. Qb6 Rb2 31. Qd8+ Kh7 32. Be1 Nxe4 33. Qd7 Nxf2
0-1

[Event "Hastings Weekend Open"]
[Site "Hastings"]
[Date "2024.01.06"]
[Round "2.8"]
[White "Suez-Panama, Gilles"]
[Black "Verma, Shlok"]
[Result "0-1"]
[WhiteElo "1868"]
[BlackElo "2003"]
[PlyCount "68"]
[EventDate "2024.01.06"]
[EventType "swiss"]
[EventRounds "5"]
[EventCountry "ENG"]
[SourceTitle "The Week in Chess 1522"]
[Source "Mark Crowther"]
[SourceDate "2024.01.08"]
[SourceVersion "1"]
[SourceVersionDate "2024.02.04"]
[SourceQuality "2"]

1. Nf3 d5 2. b3 Nf6 3. Bb2 c5 4. e3 e6 5. d4 Bd6 6. Nbd2 O-O 7. Bd3 Nbd7 8. Ne5
Qc7 9. f4 b6 10. O-O Bb7 11. Nxd7 Nxd7 12. dxc5 Nxc5 13. Bxh7+ Kxh7 14. Qh5+
Kg8 15. Bxg7 f6 16. Bxf8 Bxf8 17. Rf3 Qf7 18. Rg3+ Bg7 19. Qe2 Kf8 20. Nf3 Ke7
21. Nd4 f5 22. Re1 Rh8 23. Qb5 Ne4 24. Qb4+ Kf6 25. Nf3 Nxg3 26. hxg3 Kg6 27.
Qd6 Bf6 28. g4 fxg4 29. f5+ Kg7 30. Nd4 e5 31. Ne6+ Kh7 32. g3 Qe7 33. Ng5+ Kg7
34. Ne6+ Kf7 0-1

[Event "Hastings Weekend Open"]
[Site "Hastings"]
[Date "2024.01.06"]
[Round "2.9"]
[White "Teh, Wee Zhun"]
[Black "Banerjee, Supratit"]
[Result "1-0"]
[WhiteElo "1915"]
[BlackElo "1984"]
[PlyCount "151"]
[EventDate "2024.01.06"]
[EventType "swiss"]
[EventRounds "5"]
[EventCountry "ENG"]
[SourceTitle "The Week in Chess 1522"]
[Source "Mark Crowther"]
[SourceDate "2024.01.08"]
[SourceVersion "1"]
[SourceVersionDate "2024.02.04"]
[SourceQuality "2"]

1. d4 d5 2. Nc3 e6 3. Bf4 Be7 4. Nb5 Na6 5. e3 c6 6. Nc3 Nc7 7. Nf3 Nf6 8. Bd3
O-O 9. a3 b6 10. Ne5 Bb7 11. h4 c5 12. g4 Ne4 13. g5 Nxc3 14. bxc3 c4 15. Bxh7+
Kxh7 16. Nxf7 Rxf7 17. Qh5+ Kg8 18. g6 Bf6 19. gxf7+ Kf8 20. Qg6 Nb5 21. Kd2
Nd6 22. Bxd6+ Qxd6 23. h5 Qe7 24. h6 Qxf7 25. hxg7+ Bxg7 26. Qg3 Kg8 27. Rag1
Rf8 28. Rg2 Re8 29. Rgh2 Kf8 30. Rh7 e5 31. dxe5 d4 32. Rg1 dxc3+ 33. Ke2 Re7
34. e6 Qf3+ 35. Qxf3+ Bxf3+ 36. Kxf3 Kg8 37. Rhxg7+ Rxg7 38. e7 Rxg1 39. e8=Q+
Kh7 40. Qe4+ Kg7 41. Qxc4 Rg6 42. Qxc3+ Rf6+ 43. Ke4 Kg6 44. Qc7 Re6+ 45. Kd3
a5 46. f4 Rf6 47. Ke4 b5 48. Qc5 b4 49. Qxa5 bxa3 50. Qxa3 Re6+ 51. Kf3 Rf6 52.
Kg4 Kh6 53. f5 Kg7 54. Kg5 Rf7 55. Qb2+ Kh7 56. Qb6 Kg8 57. Qg6+ Kh8 58. Qf6+
Kg8 59. Qxf7+ Kxf7 60. c4 Ke7 61. Kg6 Kd6 62. f6 Kc5 63. f7 Kxc4 64. f8=Q Kd3
65. Qf4 Ke2 66. e4 Kd3 67. e5 Kc3 68. Qe4 Kb3 69. Qd4 Kc2 70. Qe3 Kb2 71. Qd3
Ka2 72. Qb5 Ka3 73. e6 Ka2 74. e7 Ka1 75. e8=R Ka2 76. Ra8# 1-0

[Event "Hastings Weekend Open"]
[Site "Hastings"]
[Date "2024.01.06"]
[Round "2.11"]
[White "Lock, Gavin R"]
[Black "Hollesen, Kurt"]
[Result "1-0"]
[WhiteElo "2049"]
[BlackElo "1916"]
[PlyCount "51"]
[EventDate "2024.01.06"]
[EventType "swiss"]
[EventRounds "5"]
[EventCountry "ENG"]
[SourceTitle "The Week in Chess 1522"]
[Source "Mark Crowther"]
[SourceDate "2024.01.08"]
[SourceVersion "1"]
[SourceVersionDate "2024.02.04"]
[SourceQuality "2"]

1. e4 c6 2. d4 d5 3. exd5 cxd5 4. Bd3 Nc6 5. c3 Nf6 6. h3 e5 7. dxe5 Nxe5 8.
Nf3 Nxd3+ 9. Qxd3 Be7 10. O-O O-O 11. Be3 Bd7 12. Nbd2 Qc7 13. Rfe1 Bc6 14. Bd4
Ne4 15. Nf1 Bf6 16. Ne3 Rad8 17. Bxf6 Nxf6 18. Qd4 a6 19. Nf5 Rfe8 20. Nh6+ Kf8
21. Ng5 Rxe1+ 22. Rxe1 Be8 23. Nf5 Kg8 24. Nxh7 Kxh7 25. Qh4+ Kg8 26. Ne7+ 1-0

[Event "Hastings Weekend Open"]
[Site "Hastings"]
[Date "2024.01.06"]
[Round "2.12"]
[White "Abhyuday, Santhosh"]
[Black "Plotnikov, Dmytro"]
[Result "1-0"]
[WhiteElo "2058"]
[BlackElo "1500"]
[PlyCount "49"]
[EventDate "2024.01.06"]
[EventType "swiss"]
[EventRounds "5"]
[EventCountry "ENG"]
[SourceTitle "The Week in Chess 1522"]
[Source "Mark Crowther"]
[SourceDate "2024.01.08"]
[SourceVersion "1"]
[SourceVersionDate "2024.02.04"]
[SourceQuality "2"]

1. e4 d5 2. exd5 Nf6 3. Bb5+ Bd7 4. Bc4 Bg4 5. f3 Bc8 6. Nc3 Nbd7 7. Qe2 Nb6 8.
d4 Nfxd5 9. Nxd5 Nxd5 10. c3 c6 11. Bd2 Qc7 12. g3 Bd7 13. f4 h5 14. Nf3 Bh3
15. Ne5 a6 16. O-O-O e6 17. Rde1 O-O-O 18. Bxa6 f6 19. Ng6 bxa6 20. Nxh8 Bf5
21. Qxa6+ Kb8 22. Nf7 Qxf7 23. c4 Nc7 24. Qxc6 Rxd4 25. Qb6+ 1-0

[Event "Hastings Weekend Open"]
[Site "Hastings"]
[Date "2024.01.06"]
[Round "2.13"]
[White "Keely, Leo A"]
[Black "Dunn, Maxim"]
[Result "1/2-1/2"]
[WhiteElo "1908"]
[BlackElo "1757"]
[PlyCount "68"]
[EventDate "2024.01.06"]
[EventType "swiss"]
[EventRounds "5"]
[EventCountry "ENG"]
[SourceTitle "The Week in Chess 1522"]
[Source "Mark Crowther"]
[SourceDate "2024.01.08"]
[SourceVersion "1"]
[SourceVersionDate "2024.02.04"]
[SourceQuality "2"]

1. e4 c5 2. Nc3 d6 3. f4 g6 4. Nf3 Bg7 5. Bc4 e6 6. d3 Ne7 7. O-O Nbc6 8. Qe1
Nd4 9. Nxd4 cxd4 10. Ne2 O-O 11. Qf2 d5 12. exd5 exd5 13. Bb3 Nf5 14. Ng3 Ne3
15. Bxe3 dxe3 16. Qxe3 Bxb2 17. Rab1 Bg7 18. Qf3 d4 19. f5 Kh8 20. Qf4 g5 21.
Qf3 Be5 22. Qh5 f6 23. Ne4 Qe8 24. Qh6 Qe7 25. Rbe1 Bd7 26. Bd5 Rac8 27. Bb3 b6
28. h4 gxh4 29. Qxh4 Qg7 30. Qh3 Be8 31. Re2 Rc7 32. Nd2 Re7 33. Be6 Bc6 34.
Nf3 Bxf3 1/2-1/2

[Event "Hastings Weekend Open"]
[Site "Hastings"]
[Date "2024.01.06"]
[Round "2.14"]
[White "Keohane, Ben"]
[Black "Sharma, Josh"]
[Result "0-1"]
[WhiteElo "1937"]
[BlackElo "1632"]
[PlyCount "70"]
[EventDate "2024.01.06"]
[EventType "swiss"]
[EventRounds "5"]
[EventCountry "ENG"]
[SourceTitle "The Week in Chess 1522"]
[Source "Mark Crowther"]
[SourceDate "2024.01.08"]
[SourceVersion "1"]
[SourceVersionDate "2024.02.04"]
[SourceQuality "2"]

1. e4 e5 2. f4 Nc6 3. Nf3 f5 4. d3 d6 5. Nc3 Nf6 6. fxe5 dxe5 7. Bg5 Be7 8. Nh4
Ng4 9. Nxf5 Bxg5 10. Qxg4 g6 11. h4 Bf6 12. Nd5 Nd4 13. O-O-O c6 14. c3 cxd5
15. cxd4 exd4 16. Re1 gxf5 17. Qh5+ Kf8 18. exf5 Bd7 19. g4 Qa5 20. Qh6+ Kf7
21. Bg2 Qxa2 22. Bxd5+ Qxd5 23. Qh5+ Kf8 24. g5 Be8 25. Qg4 Qa2 26. Rxe8+ Rxe8
27. gxf6 Rc8+ 28. Kd1 Qb1+ 29. Ke2 Qc2+ 30. Ke1 Re8+ 31. Kf1 Qxd3+ 32. Kf2 Qe3+
33. Kf1 Qe1+ 34. Kg2 Re2+ 35. Kf3 Qf2# 0-1

[Event "Hastings Weekend Open"]
[Site "Hastings"]
[Date "2024.01.06"]
[Round "2.16"]
[White "Verma, Aditya"]
[Black "Marsden, Rupert"]
[Result "1-0"]
[WhiteElo "2122"]
[BlackElo "1742"]
[PlyCount "97"]
[EventDate "2024.01.06"]
[EventType "swiss"]
[EventRounds "5"]
[EventCountry "ENG"]
[SourceTitle "The Week in Chess 1522"]
[Source "Mark Crowther"]
[SourceDate "2024.01.08"]
[SourceVersion "1"]
[SourceVersionDate "2024.02.04"]
[SourceQuality "2"]

1. e4 c5 2. Nf3 d6 3. d4 cxd4 4. Nxd4 Nf6 5. Nc3 g6 6. Be3 Bg7 7. f3 O-O 8. Qd2
Nc6 9. O-O-O d5 10. Nxc6 bxc6 11. Bh6 Be6 12. Bxg7 Kxg7 13. exd5 cxd5 14. g4
Qa5 15. g5 Nh5 16. Qd4+ f6 17. Re1 Bg8 18. Rxe7+ Rf7 19. Rxf7+ Bxf7 20. a3 Qb6
21. Qxb6 axb6 22. gxf6+ Kxf6 23. Bb5 Nf4 24. Ne2 Nxe2+ 25. Bxe2 Be6 26. Kd2 Rf8
27. Ra1 Ke5 28. a4 d4 29. b4 Bd5 30. a5 Rb8 31. a6 g5 32. b5 Kf4 33. Rg1 h5 34.
Kd3 Rd8 35. Ra1 Bxf3 36. Bxf3 Kxf3 37. a7 Ra8 38. Kxd4 Kg2 39. Kd5 Kxh2 40. Kc6
g4 41. Kb7 Rxa7+ 42. Kxa7 g3 43. Kxb6 g2 44. Ka7 g1=Q+ 45. Rxg1 Kxg1 46. b6 h4
47. b7 h3 48. b8=Q h2 49. Qxh2+ 1-0

[Event "Hastings Weekend Open"]
[Site "Hastings"]
[Date "2024.01.06"]
[Round "2.17"]
[White "Rastogi, Nayan Keats"]
[Black "Marusenko, Petr"]
[Result "1/2-1/2"]
[WhiteElo "1650"]
[BlackElo "2032"]
[PlyCount "25"]
[EventDate "2024.01.06"]
[EventType "swiss"]
[EventRounds "5"]
[EventCountry "ENG"]
[SourceTitle "The Week in Chess 1522"]
[Source "Mark Crowther"]
[SourceDate "2024.01.08"]
[SourceVersion "1"]
[SourceVersionDate "2024.02.04"]
[SourceQuality "2"]

1. e4 c6 2. d4 d5 3. e5 Bf5 4. Nf3 e6 5. c3 c5 6. Be3 Qb6 7. Qc1 Nc6 8. a4 Rc8
9. Nbd2 Bg6 10. dxc5 Bxc5 11. a5 Nxa5 12. Bxc5 Qxc5 13. b4 1/2-1/2

[Event "Hastings Weekend Open"]
[Site "Hastings"]
[Date "2024.01.06"]
[Round "2.18"]
[White "Homer, Stephen J"]
[Black "Ahn, Sungmin"]
[Result "0-1"]
[WhiteElo "2045"]
[BlackElo "1836"]
[PlyCount "82"]
[EventDate "2024.01.06"]
[EventType "swiss"]
[EventRounds "5"]
[EventCountry "ENG"]
[SourceTitle "The Week in Chess 1522"]
[Source "Mark Crowther"]
[SourceDate "2024.01.08"]
[SourceVersion "1"]
[SourceVersionDate "2024.02.04"]
[SourceQuality "2"]

1. e4 c5 2. Nf3 e6 3. d4 cxd4 4. Nxd4 a6 5. Bd3 Nf6 6. O-O Qc7 7. Qe2 d6 8. c4
Nbd7 9. Nc3 Ne5 10. Bd2 Be7 11. Rac1 Nxd3 12. Qxd3 O-O 13. Kh1 b6 14. f3 Bb7
15. Be3 Rac8 16. Na4 Nd7 17. Qd1 Kh8 18. b4 g5 19. Ne2 Rg8 20. Nxb6 Nxb6 21.
Qd4+ f6 22. Qxb6 Qd7 23. Rfd1 g4 24. Qd4 gxf3 25. gxf3 e5 26. Qd2 Qh3 27. Ng1
Rxg1+ 28. Rxg1 Qxf3+ 29. Qg2 Bxe4 30. Qxf3 Bxf3+ 31. Rg2 Rg8 32. Rcc2 Rg4 33.
b5 d5 34. bxa6 d4 35. Bh6 Bc5 36. h3 Rg6 37. Bc1 d3 38. Rb2 e4 39. Rb8+ Kg7 40.
Rb7+ Kg8 41. Rb8+ Kf7 0-1

[Event "Hastings Weekend Open"]
[Site "Hastings"]
[Date "2024.01.06"]
[Round "2.19"]
[White "Norinkeviciute, Rasa"]
[Black "Butt, Laurence"]
[Result "1-0"]
[WhiteElo "1905"]
[BlackElo "1688"]
[PlyCount "89"]
[EventDate "2024.01.06"]
[EventType "swiss"]
[EventRounds "5"]
[EventCountry "ENG"]
[SourceTitle "The Week in Chess 1522"]
[Source "Mark Crowther"]
[SourceDate "2024.01.08"]
[SourceVersion "1"]
[SourceVersionDate "2024.02.04"]
[SourceQuality "2"]

1. c4 f5 2. Nf3 Nf6 3. b3 e6 4. Bb2 d5 5. e3 Bd6 6. Be2 O-O 7. O-O c6 8. Ne5
Nbd7 9. Nxd7 Bxd7 10. f4 b5 11. Qc2 bxc4 12. bxc4 Rb8 13. Be5 Bxe5 14. fxe5 Ng4
15. Bxg4 fxg4 16. Rxf8+ Qxf8 17. Nc3 Qd8 18. Rb1 Rxb1+ 19. Qxb1 dxc4 20. Qe4
Qb8 21. Qd4 Be8 22. Ne4 Qb1+ 23. Kf2 Qd3 24. Qxd3 cxd3 25. Nc5 Bg6 26. e4 h5
27. g3 Kf7 28. Ke3 Ke7 29. Kxd3 Bf7 30. Kc4 Kd8 31. Na6 Be8 32. Kc5 Kd7 33. Kb4
Kc8 34. Nc5 Bf7 35. Ka5 Kc7 36. Ka6 Kb8 37. Nb7 Bg6 38. d3 Be8 39. Nc5 Bf7 40.
a4 g5 41. Nd7+ Kc7 42. Nf6 Bg6 43. Kxa7 Bf7 44. Ka6 Bg6 45. Ka5 1-0

[Event "Hastings Weekend Open"]
[Site "Hastings"]
[Date "2024.01.06"]
[Round "2.20"]
[White "Alcindor, Samuel"]
[Black "Nguyen, Anh"]
[Result "1/2-1/2"]
[WhiteElo "1745"]
[BlackElo "1648"]
[PlyCount "81"]
[EventDate "2024.01.06"]
[EventType "swiss"]
[EventRounds "5"]
[EventCountry "ENG"]
[SourceTitle "The Week in Chess 1522"]
[Source "Mark Crowther"]
[SourceDate "2024.01.08"]
[SourceVersion "1"]
[SourceVersionDate "2024.02.04"]
[SourceQuality "2"]

1. c4 c5 2. Nc3 g6 3. g3 Bg7 4. Bg2 e6 5. e4 Nc6 6. Nge2 Nge7 7. O-O O-O 8. d3
d6 9. Be3 Nd4 10. Rb1 Nec6 11. a3 e5 12. b4 b6 13. Qd2 Bg4 14. f3 Bd7 15. f4
Rc8 16. fxe5 Nxe2+ 17. Nxe2 Nxe5 18. Nc3 Ng4 19. Bf4 Bc6 20. Nd5 Bxd5 21. exd5
Ne5 22. Bh3 f5 23. Kh1 Rc7 24. Rb3 Re8 25. bxc5 bxc5 26. Qa5 Qe7 27. Bg5 Qd7
28. Rfb1 Nf3 29. Bf4 Kf7 30. Qxc7 Qxc7 31. Rb7 Qxb7 32. Rxb7+ Re7 33. Rxe7+
Kxe7 34. Bf1 Nd4 35. Kg2 Kd7 36. Kf2 Bf6 37. Be2 Nxe2 38. Kxe2 a6 39. Kd1 Bb2
40. a4 Bf6 41. Kd2 1/2-1/2

[Event "Hastings Weekend Open"]
[Site "Hastings"]
[Date "2024.01.06"]
[Round "2.21"]
[White "Kovalskyi, Roman"]
[Black "Park, Inchan"]
[Result "1-0"]
[WhiteElo "2009"]
[BlackElo "1768"]
[PlyCount "65"]
[EventDate "2024.01.06"]
[EventType "swiss"]
[EventRounds "5"]
[EventCountry "ENG"]
[SourceTitle "The Week in Chess 1522"]
[Source "Mark Crowther"]
[SourceDate "2024.01.08"]
[SourceVersion "1"]
[SourceVersionDate "2024.02.04"]
[SourceQuality "2"]

1. e4 Nf6 2. e5 Nd5 3. Nc3 Nb6 4. d4 d6 5. Bd3 g6 6. h3 Bg7 7. f4 c5 8. dxc5
dxc5 9. Be3 c4 10. Be4 O-O 11. Qe2 e6 12. h4 Nd5 13. Rd1 Nxc3 14. bxc3 Qc7 15.
h5 Nd7 16. Rd4 Nb6 17. hxg6 hxg6 18. Nf3 Nd5 19. Bd2 Qb6 20. Qd1 Qa5 21. Rxc4
Qxa2 22. Rd4 Qa3 23. Rd3 Qc5 24. Ng5 Re8 25. Qf3 Ne7 26. Rh7 Nf5 27. Qh3 Qc7
28. Rh8+ Bxh8 29. Qh7+ Kf8 30. Qxh8+ Ke7 31. Qf6+ Kf8 32. Rh3 Ne7 33. Qxf7# 1-0

[Event "Hastings Weekend Open"]
[Site "Hastings"]
[Date "2024.01.06"]
[Round "2.23"]
[White "Cove, Henry"]
[Black "Isaacs, Ruairi"]
[Result "1-0"]
[WhiteElo "1803"]
[BlackElo "1466"]
[PlyCount "103"]
[EventDate "2024.01.06"]
[EventType "swiss"]
[EventRounds "5"]
[EventCountry "ENG"]
[SourceTitle "The Week in Chess 1522"]
[Source "Mark Crowther"]
[SourceDate "2024.01.08"]
[SourceVersion "1"]
[SourceVersionDate "2024.02.04"]
[SourceQuality "2"]

1. d4 Nf6 2. c4 g6 3. g3 Bg7 4. Bg2 O-O 5. Nc3 d6 6. Nf3 Nc6 7. O-O e5 8. dxe5
dxe5 9. Qxd8 Rxd8 10. Bg5 Be6 11. b3 h6 12. Bxf6 Bxf6 13. Rad1 Bg7 14. Nd5 Bxd5
15. cxd5 Nb4 16. e4 Nxa2 17. Nd2 Nc3 18. Ra1 c6 19. Nc4 cxd5 20. exd5 e4 21.
Ra5 b5 22. Ne3 f5 23. Ra6 Kh7 24. h4 Nxd5 25. h5 Nb6 26. hxg6+ Kxg6 27. Bh3 Rf8
28. Rd1 Rf6 29. Rda1 f4 30. gxf4 Kh7 31. f5 Rc6 32. Rxa7 Rxa7 33. Rxa7 Nc8 34.
Rb7 Nd6 35. Rd7 Kg8 36. Nd5 Rc1+ 37. Kg2 Nf7 38. f6 Bf8 39. Be6 Bc5 40. Rxf7
Rc2 41. Rg7+ Kh8 42. Rg3 Rxf2+ 43. Kh3 Bd6 44. Rg8+ Kh7 45. Rg7+ Kh8 46. Rd7
Be5 47. f7 h5 48. Rd8+ Kh7 49. Bf5+ Rxf5 50. f8=Q Rxf8 51. Rxf8 Bd4 52. Re8 1-0

[Event "Hastings Weekend Open"]
[Site "Hastings"]
[Date "2024.01.06"]
[Round "3.1"]
[White "Arkell, Keith C"]
[Black "Verma, Shlok"]
[Result "1-0"]
[WhiteElo "2380"]
[BlackElo "2003"]
[PlyCount "173"]
[EventDate "2024.01.06"]
[EventType "swiss"]
[EventRounds "5"]
[EventCountry "ENG"]
[SourceTitle "The Week in Chess 1522"]
[Source "Mark Crowther"]
[SourceDate "2024.01.08"]
[SourceVersion "1"]
[SourceVersionDate "2024.02.04"]
[SourceQuality "2"]

1. d4 d5 2. c4 dxc4 3. e4 e5 4. Nf3 exd4 5. Qxd4 Qxd4 6. Nxd4 Bc5 7. Be3 Nc6 8.
Nc2 Nb4 9. Nba3 Nxc2+ 10. Nxc2 Bxe3 11. Nxe3 Be6 12. Bxc4 Bxc4 13. Nxc4 O-O-O
14. f3 f6 15. Ke2 Ne7 16. Rhd1 Rxd1 17. Rxd1 Rd8 18. Rc1 b6 19. h4 h5 20. Ne3
Kb7 21. g4 hxg4 22. fxg4 Rd4 23. Rc4 Rxc4 24. Nxc4 Kc6 25. h5 Kd7 26. Kf3 Ke6
27. Kf4 c5 28. a4 Nc6 29. g5 fxg5+ 30. Kxg5 Ne7 31. Ne3 a6 32. Nd5 b5 33. Nc7+
Ke5 34. Nxa6 bxa4 35. Nxc5 Kd4 36. Ne6+ Kxe4 37. Nxg7 Ng8 38. Nf5 Kd3 39. Nd6
Kc2 40. Nc4 Kb3 41. Nb6 Kb4 42. Kg6 Kb3 43. Kg7 Ne7 44. Kf7 Nf5 45. Kf6 Nh6 46.
Ke6 Ng8 47. Kd6 Kb4 48. Kc6 Ne7+ 49. Kd7 Ng8 50. Kd6 Nh6 51. Kd5 Nf5 52. Ke5
Nh6 53. Kd4 Nf5+ 54. Kd3 Nh6 55. Kc2 Nf5 56. Nd5+ Kc4 57. Nf6 Nh6 58. Ne4 Kb4
59. Nc3 Nf5 60. Ne4 Nh6 61. Nd2 Nf5 62. Kd3 Nh6 63. Kd4 Nf5+ 64. Ke5 Nh6 65.
Kf6 Ng8+ 66. Kg5 Kb5 67. Kg6 Kb4 68. Kg7 Ne7 69. Kf7 Nf5 70. Kf6 Nh6 71. Kg6
Ng8 72. Kg5 Kb5 73. Kf4 Nh6 74. Ke4 Kb4 75. Kd3 Nf5 76. Kc2 Nh6 77. Kb1 Nf5 78.
Ka2 Nh6 79. Ne4 Nf5 80. Nf6 Nh6 81. Nd5+ Kc4 82. Ne3+ Kb4 83. Nc2+ Kc4 84. Ka3
Kb5 85. Ne3 Kc5 86. Kxa4 Kd4 87. b4 1-0

[Event "Hastings Weekend Open"]
[Site "Hastings"]
[Date "2024.01.06"]
[Round "3.2"]
[White "Unwana, Eugene Ekpoikong"]
[Black "Garcia Martin, Marta"]
[Result "0-1"]
[WhiteElo "2027"]
[BlackElo "2342"]
[PlyCount "114"]
[EventDate "2024.01.06"]
[EventType "swiss"]
[EventRounds "5"]
[EventCountry "ENG"]
[SourceTitle "The Week in Chess 1522"]
[Source "Mark Crowther"]
[SourceDate "2024.01.08"]
[SourceVersion "1"]
[SourceVersionDate "2024.02.04"]
[SourceQuality "2"]

1. e4 e5 2. Nc3 Nf6 3. Bc4 Bc5 4. d3 Nc6 5. Nf3 a6 6. O-O d6 7. h3 Na5 8. Bb3
O-O 9. Be3 Nxb3 10. axb3 Bxe3 11. fxe3 c6 12. Qe1 Qe7 13. Qh4 Be6 14. Rf2 Rae8
15. Raf1 Nd7 16. Qg3 d5 17. Kh2 dxe4 18. Nxe4 f5 19. Neg5 f4 20. exf4 exf4 21.
Qh4 Bf5 22. Nd4 h6 23. Nxf5 Rxf5 24. Nf3 Qf6 25. Qxf6 Rxf6 26. Nd2 g5 27. Ne4
Rfe6 28. g3 fxg3+ 29. Kxg3 R8e7 30. Rf5 Kg7 31. b4 Nb6 32. Rf8 Nd5 33. Rb8 Nf6
34. Nc5 Re3+ 35. Rf3 Nh5+ 36. Kg4 Nf6+ 37. Kg3 Re2 38. c3 Kg6 39. Rxf6+ Kxf6
40. Ne4+ Kg7 41. Kg4 Rf7 42. Nd6 Rf4+ 43. Kg3 Re3+ 44. Kg2 Rxd3 45. Rxb7+ Kg6
46. Ne8 Rd2+ 47. Kg3 h5 48. h4 Rd3+ 49. Kg2 gxh4 50. Rg7+ Kh6 51. Re7 h3+ 52.
Kg1 Rg4+ 53. Kh1 Rg2 54. Re6+ Kg5 55. Re5+ Kf4 56. Re1 Rdd2 57. Rf1+ Ke5 0-1

[Event "Hastings Weekend Open"]
[Site "Hastings"]
[Date "2024.01.06"]
[Round "3.3"]
[White "Large, Peter G"]
[Black "Smyth, Kevin"]
[Result "1-0"]
[WhiteElo "2271"]
[BlackElo "1822"]
[PlyCount "63"]
[EventDate "2024.01.06"]
[EventType "swiss"]
[EventRounds "5"]
[EventCountry "ENG"]
[SourceTitle "The Week in Chess 1522"]
[Source "Mark Crowther"]
[SourceDate "2024.01.08"]
[SourceVersion "1"]
[SourceVersionDate "2024.02.04"]
[SourceQuality "2"]

1. e4 c5 2. Nc3 Nc6 3. Nf3 e5 4. Bc4 Be7 5. d3 Nf6 6. Nd2 O-O 7. Nf1 d6 8. Ne3
Be6 9. O-O Nd4 10. a4 a6 11. Ncd5 Nxd5 12. Nxd5 Bg5 13. Be3 Bxe3 14. Nxe3 Qg5
15. c3 Nc6 16. a5 Rae8 17. Qb3 Bc8 18. Bd5 g6 19. Qb6 Kh8 20. Qc7 f5 21. exf5
gxf5 22. Nc4 Ne7 23. Qxd6 Nxd5 24. Qxd5 f4 25. Rfe1 Rf5 26. Nd6 f3 27. g3 Ref8
28. Nxf5 Rxf5 29. Re3 Qh5 30. Qd8+ Kg7 31. Qxc8 Rf6 32. Ra4 1-0

[Event "Hastings Weekend Open"]
[Site "Hastings"]
[Date "2024.01.06"]
[Round "3.4"]
[White "Steiners, Emils"]
[Black "Sterck, Arno"]
[Result "0-1"]
[WhiteElo "2021"]
[BlackElo "2259"]
[PlyCount "90"]
[EventDate "2024.01.06"]
[EventType "swiss"]
[EventRounds "5"]
[EventCountry "ENG"]
[SourceTitle "The Week in Chess 1522"]
[Source "Mark Crowther"]
[SourceDate "2024.01.08"]
[SourceVersion "1"]
[SourceVersionDate "2024.02.04"]
[SourceQuality "2"]

1. d4 d5 2. c4 c6 3. cxd5 cxd5 4. Nc3 Nf6 5. Bf4 Nc6 6. e3 a6 7. a3 Bf5 8. Bd3
Bxd3 9. Qxd3 e6 10. Nf3 Be7 11. O-O O-O 12. Rac1 Rc8 13. Na4 Nh5 14. Bg3 Nxg3
15. hxg3 Na5 16. Nc5 Nc4 17. b4 b6 18. Na4 Qd7 19. Qb3 Bd6 20. Nb2 b5 21. Nd3
a5 22. Nc5 Qe7 23. Rfd1 Ra8 24. Ra1 Ra7 25. Ra2 Rfa8 26. Rda1 h5 27. Ne1 g6 28.
a4 axb4 29. Ned3 h4 30. g4 Qg5 31. axb5 Rxa2 32. Rxa2 Rxa2 33. Qxa2 Qxg4 34.
Qc2 h3 35. Ne1 hxg2 36. Nxg2 Qh3 37. Nf4 Bxf4 38. exf4 Qg4+ 39. Kf1 Qxf4 40.
Qd3 Kg7 41. Na4 b3 42. b6 Qc1+ 43. Kg2 b2 44. Nc3 Qxc3 45. Qxc3 b1=Q 0-1